Catálogo
 En Linea

Otoño y poesía / (Registro nro. 16705)

Detalles MARC
000 -CABECERA
campo de control de longitud fija 00552nam a2200169 a 4500
001 - NÚMERO DE CONTROL
campo de control 000017179
005 - FECHA Y HORA DE LA ÚLTIMA TRANSACCIÓN
campo de control 20240305141307.0
008 - DATOS DE LONGITUD FIJA--INFORMACIÓN GENERAL
campo de control de longitud fija 100319s1959 dr a 000 0 spa d
040 ## - FUENTE DE LA CATALOGACIÓN
Centro catalogador/agencia de origen DO-SdBNP
Lengua de catalogación spa
Centro/agencia transcriptor BNPHU
082 ## - NÚMERO DE LA CLASIFICACIÓN DECIMAL DEWEY
Número de clasificación xxxx
Número de documento/Ítem xxxx
100 1# - ENTRADA PRINCIPAL--NOMBRE DE PERSONA
Nombre de persona Sánchez Lamouth, Juan,
Fechas asociadas al nombre 1929-1968
9 (RLIN) 20547
245 10 - MENCIÓN DE TÍTULO
Título Otoño y poesía /
Mención de responsabilidad, etc. Juan Sánchez Lamouth.
260 ## - PUBLICACIÓN, DISTRIBUCIÓN, ETC.
Lugar de publicación, distribución, etc. Ciudad Trujillo :
Nombre del editor, distribuidor, etc. Editora Del Caribe,
Fecha de publicación, distribución, etc. 1959.
300 ## - DESCRIPCIÓN FÍSICA
Extensión 94 p. :
Otras características físicas il. ;
Dimensiones 31cm.
590 ## - NOTA LOCAL (RLIN)
Nota local Perteneció a la biblioteca personal de Julio Ortega Frier.
504 ## - NOTA DE BIBLIOGRAFÍA, ETC.
Nota de bibliografía, etc. Bibliografía p: 94
Existencias
Estado de retiro Estado de pérdida Restricciones de uso No para préstamo Código de colección Localización permanente Ubicación/localización actual Ubicación en estantería Fecha de adquisición Número de inventario Total de préstamos Signatura topográfica completa Código de barras Fecha visto por última vez Precio válido a partir de Tipo de ítem Koha Nota pública
      Excluido de préstamo Raros y valiosos Patrimonio Dominicano Patrimonio Dominicano Depósito 19.03.2010 LF1   xxxx xxxx 17179-10 25.06.2020 25.06.2020 No se presta Perteneció a la biblioteca personal de Julio Ortega Frier.

Con tecnología Koha